Canine Pokémon - Statistics

General Stats
  • This quiz has been taken 12 times
    11 since last reset
  • The average score is 24 of 43
Answer Stats
Hint Answer % Correct
Arcanine
100%
Growlithe
100%
Houndoom
90%
Houndour
90%
Mabosstiff
80%
Maschiff
80%
Greavard
70%
Herdier
70%
Houndstone
70%
V Lillipup
70%
Mightyena
70%
III Poochyena
70%
Rockruff
70%
Stoutland
70%
I Vulpix
70%
Zacian
70%
Zamazenta
70%
Boltund
60%
Granbull
60%
II Snubbull
60%
Yamper
60%
Dachsbun
50%
IX Fidough
50%
VI Furfrou
50%
Lucario
50%
IV Riolu
50%
Arcanine Hisui
40%
Electrike
40%
Growlithe Hisui
40%
Lycanroc (Midday)(Midnight) (Dusk)
40%
Manectric
40%
VIII Nickit
40%
Okidogi
40%
Zoroark
40%
Zorua
40%
Ninetails
30%
Smeargle
30%
Theivul
30%
Zoroark Hisui
30%
Zorua Hisui
30%
VII Vulpix Alola
20%
Zygarde 10% forme
20%
Ninetails Alola
10%
No matching quizzes found
Score Distribution
Percent of People with Each Score
Percentile by Number Answered
Your Score History
You have not taken this quiz since the last reset